000 00542nam a2200169 a 4500
001 000043865
005 20201002045019.0
008 140507s1979 sp ac 000 0 spa d
020 _a8434539179
040 _aDO-SdBNP
_bspa
_cBNPHU
245 0 3 _aEl Cine :
_benciclopedía Salvat del 7mo. arte /
_cdirector Juan Salvat.
260 _aBarcelona :
_bSalvat,
_c1979.
300 _av. :
_bil., retrs. ;
_c31 cm.
500 _aLa biblioteca posee el volumen 4
505 1 _gv. 4
_tCine de guerra
_tCine historico
700 1 2 _aSalvat, Juan
_edir.
_910865
999 _c43354
_d43354